000 00365nam a22001577a 4500
999 _c5077
_d5075
005 20210831114324.0
008 160701b xxu||||| |||| 00| 0 eng d
041 _aeng
082 _b20415
100 _aMalhotra ,Y K
_96840
245 _aManual of Universities law
260 _bmalhotra bros
_c2015
300 _a225
650 _aAgriculture
_92837
942 _cBK